Cơ sở đại số hiện đại

Bewaard in:
Bibliografische gegevens
Hoofdauteur: Dương, Quốc Việt (Chủ biên)
Andere auteurs: Trương, Thị Hồng Thanh
Formaat: Boek
Taal:Vietnamese
Gepubliceerd in: Hà Nội Đại học sư phạm 2016
Editie:In lần thứ hai
Onderwerpen:
Tags: Voeg label toe
Geen labels, Wees de eerste die dit record labelt!
Thư viện lưu trữ: Trung tâm Học liệu Lê Vũ Hùng, Trường Đại học Đồng Tháp
LEADER 00920pam a22003018a 4500
001 00039920
005 20171026081025.0
008 170711s2016 ||||||viesd
020 # # |c 79000  |a 9786045405543 
041 0 # |a vie 
082 1 4 |a 512  |b C460S 
100 1 # |a Dương, Quốc Việt  |e Chủ biên 
245 0 0 |a Cơ sở đại số hiện đại  |c Dương Quốc Việt (ch.b); Trương Thị Hồng Thanh 
250 # # |a In lần thứ hai 
260 # # |a Hà Nội  |b Đại học sư phạm  |c 2016 
300 # # |a 303 tr.  |c 24 cm. 
653 # # |a Lí thuyết 
653 # # |a Toán học 
653 # # |a Đại số hiện đại 
700 1 # |a Trương, Thị Hồng Thanh 
852 # # |j KD.0020408 
910 |d 11/07/2017 
980 # # |a Trung tâm Học liệu Lê Vũ Hùng, Trường Đại học Đồng Tháp